Rośliny okryto i nagozalążkowe - zakres konkursu kuratoryjnego - Statystyki

Ogólne statystyki
  • Ten quiz został rozwiązany 35 razy
  • Średni wynik to 23 z 52
Statystyki odpowiedzi
Obrazkowy Odpowiedź % Poprawnych
cis
89%
mlecz
89%
mniszek
89%
jałowiec
78%
kosodrzewina
78%
bez czarny
67%
jasnota biała
67%
modrzew europejski
67%
sosna zwyczajna
67%
wrotycz
67%
babka lancetowata
56%
chaber bławatek
56%
dąb czerwony
56%
jęczmień
56%
jodła pospolita
56%
konwalia majowa
56%
krwawnik
56%
kukurydza
56%
sosna wejmutka
56%
zawilec gajowy
56%
żyto
56%
grążel żółty
44%
koniczyna biała
44%
koniczyna łąkowa
44%
kosaciec żółty
44%
naparstnica purpurowa
44%
owies
44%
rzepak
44%
sosna limba
44%
fiołek leśny
33%
firletka poszarpana
33%
len
33%
lilia złotogłów
33%
nawłoć
33%
rosiczka okrągłolistna
33%
świerk pospolity
33%
szczawik zajęczy
33%
barwinek
22%
cykoria podróżnik
22%
czosnek niedźwiedzi
22%
grzybienie białe
22%
konwalijka dwulistna
22%
kuklik zwisły
22%
miłorząb japoński
22%
niecierpek
22%
obuwik
22%
podkolan biały
22%
przylaszczka pospolita
22%
rzęsa drobna
22%
ziarnopłon wiosenny
22%
pierwiosnka lekarska
11%
zawilec żółty
11%
Nie znaleziono quizów pasujących do podanych kryteriów
Rozkład punktacji
Procent ludzi z każdym wynikiem
Percentyl według liczby udzielonych odpowiedzi
Twoja historia wyników
Nie rozwiązałeś tego quizu